| 000 | 00819nam a2200277 a 4500 | ||
|---|---|---|---|
| 001 | 66455 | ||
| 003 | BD-RjUL | ||
| 005 | 20211209081538.0 | ||
| 008 | 170316s1963 enka b 001 0 eng d | ||
| 035 | _a(BD-RjUL) 66585 | ||
| 040 |
_aDLC _cDLC _dBD-RjUL _beng |
||
| 041 | _aeng | ||
| 082 | 0 | 0 |
_a597 _223 _bNOH 1963 |
| 100 | 1 |
_aNorman, J. R. _q(John Roxborough), _d1898-1944. _959819 |
|
| 245 | 1 | 2 |
_aA history of fishes / _cJ. R. Norman ; ill. by W. P. C. Tenison. |
| 250 | _a2nd ed. | ||
| 260 |
_aLondon : _bErnest Benn, _cc1960 |
||
| 300 |
_axxxi, 398 p. : _bill. ; _c24 cm. |
||
| 500 | _a"A Halsted Press book." | ||
| 500 | _aIncludes index. | ||
| 504 | _aBibliography: p. 436-437. | ||
| 650 | 0 |
_aFishes. _9196672 |
|
| 700 | 1 |
_aGreenwood, Peter Humphry. _9227863 |
|
| 942 |
_2ddc _cBK |
||
| 999 |
_c66455 _d66455 |
||